000 00669nam a2200217Ia 4500
003 GCL
008 140319s9999 xx 000 0 ara d
040 _aGCL /
_cGCL
082 0 4 _a962.034
_bب ا
100 1 _aبيير كرابيتيس
245 1 0 _aاسماعيل: المفترى عليه /
_cبيير كرابيتيس
700 1 _aفؤاد صروف
260 _a[S.N] :
_bدار النشر الحديث ،
_c1937
300 _a266 ص
490 _a
650 0 4 _aالعصر الحديث
650 0 4 _aمصر
650 0 4 _aتاريخ
650 0 4 _aمصر - تاريخ - العصر الحديث - عصر اسماعيل ( 1863-1879 م )
942 _2ddc
_cBK
999 _c58640
_d58640